000 00562nam a2200169Ia 4500
003 GCL
008 140319s9999 xx 000 0 ara d
040 _aGCL /
_cGCL
082 0 4 _aد
_b050
_bم غ
245 1 0 _aبعيدا عن اليسار واليمين ( عالم المعرفة 286 )
260 _aالكويت :
_bالمجلس الوطنى للثقافة والفنون والاداب ،
_c2003
650 0 4 _aالاشتراكية
650 0 4 _aالعنف
650 0 4 _aالاحزاب السياسية
650 0 4 _aالراديكالية
942 _2ddc
_cCR
999 _c6651
_d6651